000
00210nam a2200085 4500
001
1258928
005
20260406102226.0
245
_a
GENÇLERLE BAŞBAŞA
_c
ALİ FUAD BAŞGİL
260
_b
MİLLİ EĞİTİM BAKANLIĞI
999
_c
1258928
_d
1258928